<?xml version="1.0" encoding="UTF-8"?>
<record
    xmlns:xsi="http://www.w3.org/2001/XMLSchema-instance"
    xsi:schemaLocation="http://www.loc.gov/MARC21/slim http://www.loc.gov/standards/marcxml/schema/MARC21slim.xsd"
    xmlns="http://www.loc.gov/MARC21/slim">

  <leader>00945nam a2200253Ia 4500</leader>
  <controlfield tag="003">IN-BaIIA</controlfield>
  <controlfield tag="008">211028s9999    xx            000 0 eng d</controlfield>
  <datafield tag="020" ind1=" " ind2=" ">
    <subfield code="a">981-238-232-1</subfield>
  </datafield>
  <datafield tag="040" ind1=" " ind2=" ">
    <subfield code="c">IIA Library</subfield>
  </datafield>
  <datafield tag="080" ind1=" " ind2=" ">
    <subfield code="a">535</subfield>
    <subfield code="b">OMI</subfield>
  </datafield>
  <datafield tag="111" ind1=" " ind2=" ">
    <subfield code="a">International Conference on Optical Commu and Networks</subfield>
    <subfield code="c">Singapore</subfield>
    <subfield code="d">2002 Nov. 11-14</subfield>
    <subfield code="9">27062</subfield>
  </datafield>
  <datafield tag="245" ind1=" " ind2="0">
    <subfield code="a">Optical communications and networks</subfield>
    <subfield code="b">proceedings of the first International conference held in Shangri-La Hotel, Singapore, November 11-14, 2002</subfield>
    <subfield code="c">edited by C. G. Omidyar, H. G. Shiraz and W. D. Zhong</subfield>
  </datafield>
  <datafield tag="260" ind1=" " ind2=" ">
    <subfield code="a">New Jersey</subfield>
    <subfield code="b">World Scientific</subfield>
    <subfield code="c">2002</subfield>
  </datafield>
  <datafield tag="300" ind1=" " ind2=" ">
    <subfield code="a">xxii, 430p.</subfield>
  </datafield>
  <datafield tag="650" ind1=" " ind2=" ">
    <subfield code="a">Amplifiers</subfield>
    <subfield code="9">2159</subfield>
  </datafield>
  <datafield tag="650" ind1=" " ind2=" ">
    <subfield code="a">Chromatic Dispersion</subfield>
    <subfield code="9">27063</subfield>
  </datafield>
  <datafield tag="650" ind1=" " ind2=" ">
    <subfield code="a">Lasers</subfield>
    <subfield code="9">3580</subfield>
  </datafield>
  <datafield tag="650" ind1=" " ind2=" ">
    <subfield code="a">Optical Networking</subfield>
    <subfield code="9">27064</subfield>
  </datafield>
  <datafield tag="650" ind1=" " ind2=" ">
    <subfield code="a">Optical Switching</subfield>
    <subfield code="9">26184</subfield>
  </datafield>
  <datafield tag="700" ind1=" " ind2=" ">
    <subfield code="a">Omidyar, C. G., ed.</subfield>
    <subfield code="9">27065</subfield>
  </datafield>
  <datafield tag="700" ind1=" " ind2=" ">
    <subfield code="a">Shiraz, H. G., ed.</subfield>
    <subfield code="9">27066</subfield>
  </datafield>
  <datafield tag="700" ind1=" " ind2=" ">
    <subfield code="a">Zhong, W.D. ed.</subfield>
    <subfield code="9">27067</subfield>
  </datafield>
  <datafield tag="942" ind1=" " ind2=" ">
    <subfield code="c">BK</subfield>
  </datafield>
  <datafield tag="999" ind1=" " ind2=" ">
    <subfield code="c">14960</subfield>
    <subfield code="d">14960</subfield>
  </datafield>
  <datafield tag="952" ind1=" " ind2=" ">
    <subfield code="0">0</subfield>
    <subfield code="1">0</subfield>
    <subfield code="4">0</subfield>
    <subfield code="7">0</subfield>
    <subfield code="a">BAN</subfield>
    <subfield code="b">BAN</subfield>
    <subfield code="c">GEN</subfield>
    <subfield code="d">2003-02-27</subfield>
    <subfield code="e">ANJ   </subfield>
    <subfield code="g">5323.50</subfield>
    <subfield code="l">0</subfield>
    <subfield code="o">535/ OMI</subfield>
    <subfield code="p">15882</subfield>
    <subfield code="r">2021-11-05</subfield>
    <subfield code="v">5323.50</subfield>
    <subfield code="w">2003-02-27</subfield>
    <subfield code="y">BK</subfield>
    <subfield code="G">Rs. 5323.50  </subfield>
  </datafield>
</record>
